Movies Quiz

Random Movies or Clickable Quiz

Tim burton movies Quiz Stats

 Plays Quiz not verified by Sporcle

Support Sporcle.
Go Orange.
Score 0/15 Timer 05:00
0 Plays Today
% Correct
the nightmare before christmas
91.6%
sweeny tood the demon barber of fleet street
90.4%
charlie and the chocolate factory
89.9%
corpse bride
87.1%
pee wee hermans big adventure
86.5%
mars attacks
85.4%
9
84.8%
edward scissor hands
83.7%
% Correct
alice in wonder land
82.6%
beetlejuice
81.5%
batman
78.1%
batman returns
75.3%
planet of the apes
74.2%
sleepy hollow
70.8%
abraham lincoln vampire hunter
56.7%

You're not logged in!

Compare scores with friends on all Sporcle quizzes.
OR
Log In

From the Vault

The Hundred Million Quiz

by Derek

As we cross the 100 million play milestone, I find myself wondering how many of these were at work or school or at 3am in the morning.
Remove Ads.
Support Sporcle.
Get the best of Sporcle when you Go Orange. This ad-free experience offers more features, more stats, and more fun while also helping to support Sporcle. Thank you for becoming a member.

Show Comments

Extras

Created Oct 11, 2013ReportNominate
Tags:Clickable Quiz

Top Quizzes Today


Score Distribution

Your Account Isn't Verified!

In order to create a playlist on Sporcle, you need to verify the email address you used during registration. Go to your Sporcle Settings to finish the process.

Report this User

Report this user for behavior that violates our Community Guidelines.

Details: